Jeux olympiques de Moscou ou de Los Angeles - Statistiques

Statistiques générales
  • Ce quiz a été pris 15 fois
  • Le résultat moyen est 30 sur 40
Statistiques - réponses
Hint Réponse % Correct
Les Etats-Unis terminent les JO à la 1ère place Los Angeles
100%
Ont été ouverts par Ronald Reagan Los Angeles
100%
Le serment olympique est prêté par Edwin Moses Los Angeles
100%
La mascotte se nomme Misha Moscou
100%
La flamme est allumée par Sergeï Balov Moscou
100%
Les sportifs français obtiennent 6 médailles d'or, 5 d'argent et 3 de bronze Moscou
100%
Ont été ouverts par Léonid Brejnev Moscou
100%
Le serment olympique est prêté par Nikolaï Andrianov Moscou
100%
Se sont déroulés en 1980 Moscou
100%
La flamme est allumée par Rafer Johnson Los Angeles
93%
La mascotte se nomme Sam Los Angeles
93%
La sportive la plus médaillée de ces jeux reçoit 4 médailles d'or et 1 d'argent en gymnastique Los Angeles
93%
64 pays boycottent ces jeux Moscou
93%
L'URSS termine les JO à la 1ère place Moscou
93%
Se sont déroulés en 1984 Los Angeles
87%
La ville hôte était en concurrence avec la ville qui les a obtenu en 1984 Moscou
87%
140 pays participent Los Angeles
80%
L'Iran et la Libye ne participent pas à ces JO pour des raisons politiques Los Angeles
80%
Le logo de ces jeux représente des étoiles Los Angeles
80%
80 pays participent Moscou
80%
La France obtient 4 titres olympiques en escrime et 2 en judo Moscou
80%
688 médailles sont distribuées Los Angeles
73%
La France obtient 2 titres olympiques en escrime, 1 en football, 1 au saut à la perche et 1 en tir Los Angeles
73%
19 délégations participent à leurs 1ers jeux Los Angeles
67%
Les sportifs français obtiennent 5 médailles d'or, 7 d'argent et 16 de bronze Los Angeles
67%
16 pays boycottent ces jeux Los Angeles
67%
5263 hommes et 1566 femmes prennent part aux épreuves Los Angeles
67%
13 délégations défilent sous le drapeau olympique Moscou
67%
Le sportif le plus médaillé de ces jeux reçoit 3 médailles d'or, 4 d'argent et 1 de bronze en gymnastique Moscou
67%
Il s'y déroule 221 épreuves Los Angeles
60%
Les épreuves sont réparties en 27 disciplines Moscou
60%
Les épreuves sont réparties en 29 disciplines Los Angeles
53%
Ont duré 16 jours à partir du 19 juillet Moscou
53%
Il s'y déroule 203 épreuves Moscou
53%
6 délégations participent à leurs 1ers jeux Moscou
53%
La ville hôte n'a eu aucune concurrente lors de la désignation Los Angeles
47%
Le logo de ces jeux représente une piste d'athétisme Moscou
47%
Ont duré 15 jours à partir du 28 juillet Los Angeles
40%
4064 hommes et 1115 femmes prennent part aux épreuves Moscou
40%
631 médailles sont distribuées Moscou
40%
Aucun quiz correspondant
Distribution des résultats
% des personnes avec chaque résultat
Percentile par nombre de réponses
Votre historique - résultats
Vous n’avez pas pris ce quiz